Ухаарахуй (Бичлэгийн дугаар. 77428)
[ энгийн харах ]
| 000 -Удирдлага | |
|---|---|
| Ном зүйн бүртгэл тоо буюу кодлох утгыг агуулсан | 01322nam a22002417a 4500 |
| 003 - ХЯНАЛТЫН ТОО ТОДОРХОЙЛОГЧ | |
| Код | MN-UlNLM |
| 005 - ХАМГИЙН СҮҮЛИЙН ҮЕИЙН ХЭЛЦЛИЙН ОГНОО БА ЦАГ | |
| Тухайн бичилтийг бичсэн засварласан сүүлийн огноо. | 20220628120128.0 |
| 008 - ЕРӨНХИЙ МЭДЭЭЛЭЛ-ЭЛЕМЕНТҮҮДИЙН ӨГӨГДЛИЙН УРТ | |
| fixed length control field | 170419t2013 mp ||||| |||| 00| 0 mon d |
| 040 ## - ЭХ СУРВАЛЖИЙГ ТОДОРХОЙЛОН БИЧИХ | |
| Анхны каталогийн байгууллага | Монгол Улсын Үндэсний номын сан |
| 084 ## - БУСАД АНГИЛЛЫН ДУГААР | |
| Ангиллын нэр | Номын сан номзүйн ангилал |
| Анги | 84(0) |
| Зохиогчийн 3-н тэмдэгт | У 609 |
| Шинжлэх ухааны мэдлэгийн салбар | Уран зохиол - 84 |
| 110 ## - ДЭЭД ГАРЧГИЙН МЭДЭЭ | |
| Эрхлэн гаргасан байгууллагын нэр | Топ Инфо Ти Ви |
| 245 1# - ҮНДСЭН ГАРЧИГ | |
| Гарчиг | Ухаарахуй |
| Гарчигт хамааралтай мэдээ | Сургамжит өгүүллэгүүд |
| Оролцогчдын тухай мэдээ | Орч. Т.Ундармаа, Л.Мөнхжаргал |
| -- | Хян. С.Уранчимэг |
| 250 ## - ХЭВЛЭЛТИЙН ТУХАЙ МЭДЭЭ | |
| Дахин хэвлэлтийн мэдээ | 2 |
| 260 1# - ГАРАЛТЫН ТУХАЙ МЭДЭЭ | |
| Хэвлэгдсэн газар | УБ |
| Хэвлэлийн газар | Улаанбаатар принт. |
| Хэвлэгдсэн он | 2013 |
| 300 ## - ТООНЫ МЭДЭЭ | |
| Хуудасны тоо | 97х |
| Бусад тоон мэдээлэл | Зур |
| 490 ## - БОТИЙН/ЦУВРАЛЫН ТУХАЙ МЭДЭЭ | |
| Ботийн/Цувралын дугаар | № 2 |
| 546 ## - ХЭЛНИЙ ТУХАЙ МЭДЭЭ | |
| Хэл | |
| 653 ## - ТҮЛХҮҮР ҮГС | |
| Түлхүүр үг | Уран зохиол |
| 740 ## - НОМЫН АГУУЛГЫН ГАРЧИГ | |
| Номын гарчгууд | Энд хаалга хаагдахад тэнд цонх онгойж байдаг. |
| -- | Шалгуур. |
| -- | Хамгийн сайхан найздаа. |
| -- | Гурван давхар шүүлтүүр. |
| -- | Бурханы асуух асуулт. |
| -- | Хүү минь чи ээждээ ямар ч өргүй. |
| -- | Нөхөрлөл. |
| -- | Аав хүү хоёр. |
| -- | Салхи үлээх үед. |
| -- | Түүнд даалга. |
| -- | Маргаан. |
| -- | Харандаа. |
| -- | Учир нь би чамд хайртай. |
| -- | Хувь тавилан. |
| -- | Агуу хайр. |
| -- | Сарнайн бут. |
| -- | Гэсэн ч чи хий. |
| 856 ## - ЭЛЕКТРОН БАЙРЛАЛ БА ХОЛБООС | |
| Төрөл | Хэвлэмэл ном |
| 942 ## - ЭЛЕМЕНТИЙН ТӨРӨЛ | |
| Төрөл | Ном |
| Буцаан татагдсан төлөв | Хасагдсан шалтгаан | Гэмтсэн төлөв | Данс заагч | Захиалах боломжгүй | Үндсэн номын сан | Одоогийн байршил | Салбар танхим | Сан хөмрөг 5 | Бүртгэсэн огноо | Тавиурын заалт | Баркод | Үнэ | Хамгийн сүүлд байсан огноо | Нийт уншлаганд гарсан тоо | Хамгийн сүүлд уншлаганд гарсан огноо | Төрөл |
|---|---|---|---|---|---|---|---|---|---|---|---|---|---|---|---|---|
| МУҮНомын сан салбар | МУҮНомын сан салбар | МУҮНС салбар | Язгуур танхим 8 давхар | МУҮНС салбар | Язгуур танхим 8 давхар | 2021-08-30 | 86983 | 02086983 | 8900.00 | 2022-08-30 | 11 | 2022-08-30 | Ном | |||||
| МУҮНомын сан салбар | МУҮНомын сан салбар | МУҮНС салбар | Язгуур танхим 8 давхар | МУҮНС салбар | Язгуур танхим 8 давхар | 2021-08-30 | 86984 | 02086984 | 8900.00 | 2021-08-30 | 1 | 2019-04-12 | Ном |